00380nam a2200109Ia 4500008004100000050002500041100001900066245008800085260006100173300002900234521000700263140609s9999 xx 000 0 und d aBX 1905b.J574c 2007 aJoaquin, Nick. aCardinal virtues :bcollection of stories on Jaime L. Cardinal sin /cNick Joaquin, aParañaque, Philippines :bBrown Madonna Press,cc2007. a157 p. :bill. ;c21 cm. aGE